[Event "Moscow-Open 2021_A"]
[Site "Moscow"]
[Date "2021.02.26"]
[Round "7.10"]
[White "Zarubitski, Viachaslau"]
[Black "Tsoi, Dmitry"]
[Result "1/2-1/2"]
[WhiteElo "2446"]
[BlackElo "2334"]
[PlyCount "81"]
[EventDate "2021.02.20"]

1. e4 d5 2. exd5 Qxd5 3. Nc3 Qa5 4. d4 Nf6 5. Nf3 Bg4 6. h3 Bxf3 7. Qxf3 c6 8.
Bc4 e6 9. O-O Nbd7 10. Be3 Be7 11. Rad1 O-O 12. Bb3 Nd5 13. Bd2 Nxc3 14. Qxc3
Qxc3 15. Bxc3 a5 16. a3 b5 17. Bd2 a4 18. Ba2 Nb6 19. Rfe1 Rfd8 20. c3 Rd7 21.
Kf1 Rad8 22. Ke2 Kf8 23. Bc1 c5 24. dxc5 Bxc5 25. Rxd7 Rxd7 26. Kf3 Rd3+ 27.
Ke2 Rd7 28. Bb1 Nc4 29. Be4 Rd6 30. f4 f5 31. Bf3 Ke7 32. g4 g6 33. h4 Kd7 34.
h5 e5 35. gxf5 gxf5 36. fxe5 Nxe5 37. Bg2 Nd3 38. Rd1 Nxc1+ 39. Rxc1 Re6+ 40.
Kf1 Be3 41. Rd1+ 1/2-1/2

[Event "Moscow-Open 2021_A"]
[Site "Moscow"]
[Date "2021.02.26"]
[Round "7.11"]
[White "Gubajdullin, Alexei"]
[Black "Suleymenov, Alisher"]
[Result "1-0"]
[WhiteElo "2347"]
[BlackElo "2440"]
[PlyCount "86"]
[EventDate "2021.02.20"]

1. d4 Nf6 2. Bf4 g6 3. e3 Bg7 4. Nf3 b6 5. Be2 Bb7 6. O-O O-O 7. h3 Ne4 8. a4
a6 9. Nbd2 d6 10. Nxe4 Bxe4 11. Nd2 Bb7 12. Bf3 Qc8 13. c3 Nd7 14. Qb3 e5 15.
Bg3 Re8 16. Bg4 h5 17. Bf3 Nf6 18. Bh4 Nh7 19. Bd5 Bxd5 20. Qxd5 g5 21. Bg3 h4
22. Bh2 Nf6 23. Qc6 Qd7 24. Qxd7 Nxd7 25. dxe5 Nxe5 26. Bxe5 Bxe5 27. Nf3 Bf6
28. Rfd1 Kg7 29. Rd5 Kg6 30. c4 Re4 31. Rc1 a5 32. b3 Rf8 33. Kf1 Bd8 34. Nd2
Re6 35. Nb1 f5 36. Nc3 g4 37. Rd3 Bg5 38. Nd5 Rf7 39. Re1 g3 40. fxg3 hxg3 41.
Red1 f4 42. exf4 Re4 43. Rxg3 Kh5 1-0

[Event "Moscow-Open 2021_A"]
[Site "Moscow"]
[Date "2021.02.26"]
[Round "7.12"]
[White "Bazyrtsyrenov, Kirill"]
[Black "Bykov, Egor"]
[Result "1-0"]
[WhiteElo "2156"]
[BlackElo "2436"]
[PlyCount "65"]
[EventDate "2021.02.20"]

1. e4 e5 2. Nf3 Nc6 3. Bb5 a6 4. Ba4 Nf6 5. O-O Be7 6. Re1 b5 7. Bb3 d6 8. c3
O-O 9. h3 Bb7 10. d4 Re8 11. Nbd2 exd4 12. cxd4 Nd7 13. Nf1 Na5 14. Bc2 Bf6 15.
Ng3 g6 16. Bf4 Nf8 17. b3 c5 18. d5 Bxa1 19. Qxa1 f6 20. Nh2 Bc8 21. Bc1 Ra7
22. Bb2 Rf7 23. f4 b4 24. Rf1 c4 25. Bd4 f5 26. Nf3 fxe4 27. Ng5 Rxf4 28. Rxf4
Qxg5 29. Rxe4 Ne6 30. dxe6 Qxg3 31. Rg4 Qxg4 32. hxg4 c3 33. Bxc3 1-0

[Event "Moscow-Open 2021_A"]
[Site "Moscow"]
[Date "2021.02.26"]
[Round "7.13"]
[White "Komissarov, Alexey"]
[Black "Smirnov, Timofey"]
[Result "1/2-1/2"]
[WhiteElo "2127"]
[BlackElo "2414"]
[PlyCount "60"]
[EventDate "2021.02.20"]

1. d4 d5 2. Nf3 Nf6 3. e3 c5 4. Nbd2 Nc6 5. c3 e6 6. Bd3 Be7 7. O-O O-O 8. dxc5
Bxc5 9. b4 Bd6 10. Bb2 a5 11. b5 Ne5 12. Nxe5 Bxe5 13. f4 Bc7 14. c4 Bb6 15.
Qe2 d4 16. c5 Bxc5 17. Nb3 b6 18. Nxc5 bxc5 19. Rac1 Qd6 20. exd4 cxd4 21. Rc4
Bd7 22. Bxd4 Bxb5 23. Bxf6 gxf6 24. Bxh7+ Kxh7 25. Qh5+ Kg7 26. Qg4+ Kh7 27.
Qh5+ Kg7 28. Qg4+ Kh7 29. Qh5+ Kg7 30. Qg4+ Kh7 1/2-1/2

[Event "Moscow-Open 2021_A"]
[Site "Moscow"]
[Date "2021.02.26"]
[Round "7.14"]
[White "Zhukenov, Aituar"]
[Black "Manelyuk, Daniil"]
[Result "1-0"]
[WhiteElo "2144"]
[BlackElo "2386"]
[PlyCount "89"]
[EventDate "2021.02.20"]

1. e4 e6 2. d4 d5 3. Nd2 Be7 4. e5 c5 5. c3 Nc6 6. Bd3 Qb6 7. Ndf3 Bd7 8. Ne2
f6 9. O-O fxe5 10. dxe5 O-O-O 11. b4 Nh6 12. bxc5 Bxc5 13. Bxh6 gxh6 14. Ned4
Rdg8 15. a4 Qd8 16. Qe2 Rg7 17. Rfb1 Na5 18. Nb3 Nxb3 19. Rxb3 h5 20. Ba6 Bc6
21. Nd4 Bxd4 22. cxd4 Rc7 23. Bb5 Rg8 24. Qxh5 Bxb5 25. axb5 b6 26. g3 Kb8 27.
Rf3 Qd7 28. Qh6 Re8 29. Rb1 Rc4 30. Rf4 Kb7 31. Kg2 a5 32. bxa6+ Kxa6 33. Qh5
b5 34. Rf7 Re7 35. Rf8 b4 36. Ra8+ Kb7 37. Rba1 Qc6 38. R8a7+ Kb6 39. R1a6+ Kb5
40. Ra5+ Kb6 41. R7a6+ Kb7 42. Rxc6 Kxc6 43. Qd1 Rb7 44. Qa4+ Kc7 45. Rb5 1-0

[Event "Moscow-Open 2021_A"]
[Site "Moscow"]
[Date "2021.02.26"]
[Round "7.15"]
[White "Mochalin, Faddey"]
[Black "Murtazin, Bulat"]
[Result "1-0"]
[WhiteElo "2110"]
[BlackElo "2355"]
[PlyCount "123"]
[EventDate "2021.02.20"]

1. c4 e5 2. g3 Nf6 3. Bg2 d5 4. cxd5 Nxd5 5. Nf3 Nc6 6. O-O Nb6 7. d3 Be7 8.
Be3 O-O 9. Nbd2 Re8 10. Rc1 Bf8 11. Nb3 a5 12. Nc5 Nd4 13. Bxd4 exd4 14. Nb3 g6
15. Nbxd4 c6 16. e3 Bg7 17. Qd2 Nd5 18. a3 Qb6 19. Rc2 Bh6 20. Kh1 Bd7 21. Ne2
Rad8 22. Nc3 Nf6 23. Rcc1 Qa6 24. Rfd1 c5 25. d4 Bg4 26. d5 b5 27. Qe2 c4 28.
h3 Bd7 29. Nd4 Rc8 30. b4 cxb3 31. a4 b2 32. Qxb2 bxa4 33. Nc6 Bf8 34. Qb5 Qa8
35. Nxa4 Rb8 36. Qc4 Rec8 37. Qd4 Rb4 38. Nxb4 Bxa4 39. Nc6 Bxd1 40. Qxf6 Ba4
41. Ne7+ Bxe7 42. Rxc8+ Qxc8 43. Qxe7 Bd7 44. d6 Be6 45. Kh2 a4 46. Bd5 Qc2 47.
d7 Qxf2+ 48. Bg2 Bxd7 49. Qxd7 Qc2 50. Qc6 Qb3 51. Bd5 Qb2+ 52. Kg1 Qa1+ 53.
Kg2 Kg7 54. Qb6 f6 55. Qd4 Qa3 56. g4 g5 57. Qa7+ Kh6 58. Be4 f5 59. Bxf5 Qa2+
60. Kf3 Qg8 61. Qb6+ Kg7 62. Qd4+ 1-0

[Event "Moscow-Open 2021_A"]
[Site "Moscow"]
[Date "2021.02.26"]
[Round "7.16"]
[White "Popovich, Alexey"]
[Black "Kavyev, Ruslan"]
[Result "0-1"]
[WhiteElo "2102"]
[BlackElo "2339"]
[PlyCount "78"]
[EventDate "2021.02.20"]

1. e4 c5 2. Nf3 d6 3. Bb5+ Nd7 4. d4 cxd4 5. Qxd4 a6 6. Bxd7+ Bxd7 7. a4 e5 8.
Qd3 h6 9. c4 b5 10. axb5 axb5 11. Rxa8 Qxa8 12. cxb5 Nf6 13. Nc3 Be7 14. O-O
O-O 15. Be3 Rc8 16. Nd2 Be6 17. b6 d5 18. Qb5 Rb8 19. Bc5 Bxc5 20. Qxc5 d4 21.
Nb5 Qa5 22. Nc4 Bxc4 23. Qxc4 Qxb6 24. Nc7 Rc8 25. Nd5 Rxc4 26. Nxb6 Rb4 27.
Nd5 Nxd5 28. exd5 Rxb2 29. Re1 Rb5 30. d6 Kf8 31. f4 f6 32. Kf2 Kf7 33. Kf3 Ke6
34. fxe5 fxe5 35. Ke4 Rb3 36. d7 Kxd7 37. Kd5 Re3 38. Ra1 Ke7 39. Ra2 d3 0-1

[Event "Moscow-Open 2021_A"]
[Site "Moscow"]
[Date "2021.02.26"]
[Round "7.17"]
[White "Gotsiuk, Denis"]
[Black "Ibadov, Dashgyn"]
[Result "1/2-1/2"]
[WhiteElo "2102"]
[BlackElo "2282"]
[PlyCount "107"]
[EventDate "2021.02.20"]

1. d4 Nf6 2. Bf4 d5 3. e3 c5 4. c3 Nc6 5. Nd2 Bf5 6. Qb3 Qc8 7. Ngf3 e6 8. Nh4
Bg4 9. h3 Bh5 10. g4 Bg6 11. Nxg6 hxg6 12. Bg2 Be7 13. Nf3 Ne4 14. Ne5 Nxe5 15.
Bxe5 O-O 16. h4 f6 17. Bf4 c4 18. Qc2 e5 19. f3 exf4 20. fxe4 Qxg4 21. Qe2 Qg3+
22. Qf2 Qxe3+ 23. Qxe3 fxe3 24. Rh3 dxe4 25. Bxe4 f5 26. Bd5+ Kh7 27. Ke2 f4
28. Rg1 Kh6 29. Rh2 Rad8 30. Be4 Rd6 31. Rhg2 Rff6 32. h5 g5 33. Rxg5 f3+ 34.
Bxf3 Rxf3 35. Rxg7 Rf2+ 36. Kxe3 Rf1 37. Rxf1 Re6+ 38. Kf4 Kxg7 39. Rg1+ Kf7
40. Rg2 Rh6 41. Kg4 Rf6 42. Rg3 Rf2 43. Rf3+ Rxf3 44. Kxf3 Bg5 45. Ke4 Ke6 46.
b3 cxb3 47. axb3 Kd6 48. Kd3 b5 49. c4 b4 50. Ke4 a5 51. Kd3 Bh6 52. Ke4 Ke6
53. Kd3 Kd7 54. Ke4 1/2-1/2

[Event "Moscow-Open 2021_A"]
[Site "Moscow"]
[Date "2021.02.26"]
[Round "7.18"]
[White "Naumkin, Igor"]
[Black "Talibov, Shiroghlan"]
[Result "1-0"]
[WhiteElo "2277"]
[BlackElo "2128"]
[PlyCount "95"]
[EventDate "2021.02.20"]

1. d4 Nf6 2. c4 e6 3. Nf3 d5 4. Nc3 Be7 5. Bg5 O-O 6. e3 a6 7. cxd5 Nxd5 8.
Bxe7 Qxe7 9. Bd3 Nxc3 10. bxc3 c5 11. O-O Nc6 12. a4 e5 13. Qc2 exd4 14. Bxh7+
Kh8 15. Be4 dxe3 16. Rae1 Ne5 17. Nxe5 Qxe5 18. Rxe3 Qh5 19. Bf3 Bf5 20. Qe2
Qg5 21. Bxb7 Rad8 22. Bxa6 Rd6 23. Bc4 Bd7 24. a5 Rh6 25. f4 Qh4 26. g3 Qh3 27.
Bd5 Rd6 28. Bg2 Qh6 29. Re5 f5 30. Rxc5 Rd8 31. Rd5 Rxd5 32. Bxd5 Bc6 33. c4
Bxd5 34. Rd1 Qc6 35. cxd5 Qc5+ 36. Qf2 Qxa5 37. Qd4 Re8 38. d6 Re4 39. Qb2 Qa4
40. Qd2 Qa7+ 41. Kf1 Qd7 42. Qd5 Re6 43. Rd2 Rh6 44. Kg2 Rf6 45. h4 Kh7 46. Kh2
Kg6 47. Qe5 Re6 48. Qxe6+ 1-0

[Event "Moscow-Open 2021_A"]
[Site "Moscow"]
[Date "2021.02.26"]
[Round "7.19"]
[White "Rostovtsev, Dmitry"]
[Black "Nikologorsky, Matfei"]
[Result "1-0"]
[WhiteElo "2037"]
[BlackElo "2215"]
[PlyCount "113"]
[EventDate "2021.02.20"]

1. e4 c5 2. Nf3 e6 3. d4 cxd4 4. Nxd4 Nc6 5. Nc3 Qc7 6. g3 a6 7. Bg2 Nf6 8. O-O
Be7 9. Re1 d6 10. Nxc6 bxc6 11. e5 dxe5 12. Rxe5 O-O 13. Bf4 Bd6 14. Rxe6 Bxe6
15. Bxd6 Qb6 16. Bxf8 Rxf8 17. b3 Rd8 18. Qe1 Bg4 19. Ne4 Nd5 20. a3 h6 21. c4
Nc7 22. Qb4 Qd4 23. Qc3 Ne6 24. Qxd4 Rxd4 25. h3 Bf5 26. Re1 a5 27. Re3 Rd1+
28. Kh2 Rb1 29. Nd6 Bc2 30. Bxc6 Rxb3 31. Be8 Ng5 32. Rxb3 Bxb3 33. f4 Nf3+ 34.
Kg2 Nd4 35. Bxf7+ Kf8 36. Bd5 Nc2 37. a4 Bxa4 38. Nb7 Ne3+ 39. Kf2 Nxd5 40.
cxd5 Ke7 41. Nxa5 Kd6 42. Nc4+ Kc5 43. Ne3 Bd7 44. g4 Kd4 45. Kf3 g6 46. h4 h5
47. g5 Be8 48. f5 Ke5 49. f6 Bf7 50. Ke2 Kd6 51. Kd3 Kc5 52. Ke4 Bg8 53. Ke5
Bf7 54. Ng2 Bxd5 55. Nf4 Bf7 56. Ne6+ Kc4 57. Nd8 1-0

[Event "Moscow-Open 2021_A"]
[Site "Moscow"]
[Date "2021.02.26"]
[Round "7.20"]
[White "Babakekhyan, Artem"]
[Black "Plyasunov, Daniil"]
[Result "1/2-1/2"]
[WhiteElo "2181"]
[BlackElo "2025"]
[PlyCount "105"]
[EventDate "2021.02.20"]

1. Nf3 g6 2. g3 Bg7 3. c4 e5 4. Nc3 Nc6 5. Bg2 Nge7 6. d3 O-O 7. O-O d6 8. Rb1
f5 9. Qc2 a5 10. a3 b6 11. b4 Bb7 12. c5 Nd4 13. Nxd4 Bxg2 14. Qb3+ d5 15. Ne6
Qc8 16. Nxf8 a4 17. Qa2 Bxf1 18. Nxd5 Kxf8 19. Nxe7 Kxe7 20. Kxf1 Qb7 21. Kg1
b5 22. Bg5+ Bf6 23. c6 Qxc6 24. Rc1 Qd6 25. Be3 Kd7 26. Qf7+ Be7 27. Bc5 Qe6
28. Qxe6+ Kxe6 29. Bxe7 Kxe7 30. Rxc7+ Kd6 31. Rxh7 Rc8 32. Rg7 Kd5 33. Rxg6
Kd4 34. Rb6 Kc3 35. Rxb5 Kb3 36. Rxe5 Kxa3 37. Rxf5 Kxb4 38. Rf7 Rc5 39. d4 Rb5
40. Rc7 Kb3 41. Kg2 Rb4 42. d5 a3 43. Ra7 a2 44. Rxa2 Kxa2 45. Kf3 Kb3 46. e4
Kc4 47. Kf4 Kd4 48. f3 Rb8 49. h4 Rf8+ 50. Kg4 Rg8+ 51. Kf4 Rf8+ 52. Kg4 Rg8+
53. Kf4 1/2-1/2

[Event "Moscow-Open 2021_A"]
[Site "Moscow"]
[Date "2021.02.26"]
[Round "7.21"]
[White "Medzinovskiy, Petr"]
[Black "Shinkarov, Artem"]
[Result "1-0"]
[WhiteElo "2179"]
[BlackElo "1978"]
[PlyCount "71"]
[EventDate "2021.02.20"]

1. e4 e6 2. d4 d5 3. Nc3 Nf6 4. e5 Nfd7 5. Nce2 c5 6. c3 Nc6 7. f4 cxd4 8. cxd4
Be7 9. Nf3 O-O 10. Nc3 f5 11. a3 Nb6 12. Bd3 Bd7 13. O-O Be8 14. Be3 Bh5 15.
Qe1 h6 16. h3 Rf7 17. Nh2 Nc4 18. Bxc4 dxc4 19. g4 Bg6 20. Rd1 fxg4 21. d5 exd5
22. Rxd5 Qc8 23. hxg4 Bd3 24. Rf3 h5 25. Qg3 hxg4 26. Nxg4 Kf8 27. Qh3 Ke8 28.
Rg3 g6 29. Qh8+ Bf8 30. Bc5 Ne7 31. Bxe7 Kxe7 32. Qh4+ Ke6 33. Ne3 Bc5 34. Kg2
Qc6 35. f5+ Bxf5 36. Nxf5 1-0

[Event "Moscow-Open 2021_A"]
[Site "Moscow"]
[Date "2021.02.26"]
[Round "7.22"]
[White "Chetverik, Maxim"]
[Black "Parpiev, Isaak"]
[Result "1/2-1/2"]
[WhiteElo "2159"]
[BlackElo "1790"]
[PlyCount "98"]
[EventDate "2021.02.20"]

1. d4 Nf6 2. c4 e6 3. Nf3 d5 4. g3 Be7 5. Bg2 O-O 6. O-O dxc4 7. Ne5 Nc6 8.
Nxc6 bxc6 9. Na3 Bxa3 10. bxa3 Ba6 11. Bxc6 Rb8 12. Qa4 Rb6 13. Bf3 Nd5 14. Qa5
f5 15. Bd2 Qd6 16. Rab1 Rfb8 17. Rxb6 Rxb6 18. Rc1 h6 19. Qa4 c6 20. Bxd5 cxd5
21. Bb4 Qc6 22. Qc2 Rb7 23. f4 Bb5 24. Qd2 Qc7 25. Ba5 Qd6 26. Bb4 Qb8 27. Kf2
Bd7 28. Rc2 Kh7 29. Rb2 Rb5 30. Bc3 Kg8 31. Rxb5 Qxb5 32. Qb2 Qxb2 33. Bxb2 Kf7
34. Bc3 Ba4 35. Bb4 Ke8 36. Ke1 g6 37. e3 Kd7 38. h4 h5 39. Kd2 Kc6 40. Bf8 Kb5
41. Be7 a5 42. Bf8 Ka6 43. Be7 Bc6 44. Kc3 Bd7 45. Bf8 Ba4 46. Kd2 Be8 47. Kc3
Kb5 48. Be7 Ka4 49. Bf8 Bb5 1/2-1/2

[Event "Moscow-Open 2021_A"]
[Site "Moscow"]
[Date "2021.02.26"]
[Round "7.23"]
[White "Zakaryan, David"]
[Black "Tarasenko, Iaroslav"]
[Result "1-0"]
[WhiteElo "2335"]
[BlackElo "2060"]
[PlyCount "53"]
[EventDate "2021.02.20"]

1. e4 c5 2. Nf3 d6 3. d4 cxd4 4. Nxd4 Nf6 5. Nc3 a6 6. Bg5 Nbd7 7. f4 Qc7 8.
Qf3 h6 9. Bxf6 Nxf6 10. f5 Qc5 11. O-O-O g5 12. e5 dxe5 13. Ndb5 axb5 14. Bxb5+
Bd7 15. Rxd7 Nxd7 16. Bxd7+ Kd8 17. Rd1 Kc7 18. b4 Qc4 19. Qe3 Bg7 20. Bb5 Qg4
21. Rd7+ Kb8 22. Qb6 Qxg2 23. Qc7+ Ka7 24. Bc6 Qg1+ 25. Kb2 Qb6 26. Nb5+ Ka6
27. Bxb7+ 1-0

[Event "Moscow-Open 2021_A"]
[Site "Moscow"]
[Date "2021.02.26"]
[Round "7.24"]
[White "Vlassov, Nikolai"]
[Black "Stepanyan, Eva"]
[Result "1-0"]
[WhiteElo "2331"]
[BlackElo "2119"]
[PlyCount "77"]
[EventDate "2021.02.20"]

1. e4 e5 2. Bc4 Nf6 3. d3 c6 4. Nf3 d5 5. Bb3 a5 6. Nc3 Bb4 7. a3 Bxc3+ 8. bxc3
dxe4 9. Nxe5 O-O 10. O-O Nbd7 11. f4 Qe7 12. d4 a4 13. Ba2 Nd5 14. Qe1 f5 15.
c4 Nc7 16. c5+ Kh8 17. Nc4 Nb5 18. Bb2 Ra6 19. Rd1 b6 20. cxb6 Nxb6 21. Ne5 Nd7
22. c4 Nc7 23. g4 c5 24. d5 Ne8 25. Nc6 Qf7 26. gxf5 Qxf5 27. Rd2 Nef6 28. Rg2
Qh5 29. Rg5 Qh3 30. Rg3 Qh6 31. Kh1 Nh5 32. Rg5 Ndf6 33. Qh4 e3 34. Re1 Rb6 35.
Bc3 Bd7 36. Ne5 Be8 37. Rxe3 Ng8 38. Ng4 Qd6 39. Qxh5 1-0

[Event "Moscow-Open 2021_A"]
[Site "Moscow"]
[Date "2021.02.26"]
[Round "7.25"]
[White "Safin, Robert"]
[Black "Lupolov, Boris"]
[Result "1-0"]
[WhiteElo "2283"]
[BlackElo "2045"]
[PlyCount "118"]
[EventDate "2021.02.20"]

1. d4 Nf6 2. c4 e6 3. Nf3 b6 4. g3 Bb7 5. Bg2 Be7 6. O-O O-O 7. d5 exd5 8. Nd4
c6 9. cxd5 Nxd5 10. e4 Nc7 11. Nc3 d5 12. Bf4 Nba6 13. Nxc6 Bxc6 14. exd5 Bb7
15. d6 Bxg2 16. dxe7 Qxe7 17. Kxg2 Ne6 18. Be3 Qb7+ 19. Qf3 Qxf3+ 20. Kxf3 Rfd8
21. Rfd1 Nb4 22. Nb5 Kf8 23. Rxd8+ Nxd8 24. Rd1 Nbc6 25. Nc7 Rc8 26. Bf4 Ke7
27. Bd6+ Kd7 28. Be5+ Ke7 29. Bd6+ Kd7 30. Nb5 Ke8 31. Ba3 Nb7 32. Re1+ Kd7 33.
Rd1+ Ke8 34. Kf4 a6 35. Nc3 b5 36. Nd5 b4 37. Re1+ Kd8 38. Bxb4 Nxb4 39. Nxb4
a5 40. Nd3 Rc2 41. Rc1 Rxc1 42. Nxc1 Kd7 43. Nd3 Kd6 44. Ke4 f6 45. Kd4 Kc6 46.
Nf4 Nd6 47. Ne6 Nf5+ 48. Ke4 Nd6+ 49. Kd3 g5 50. f4 Kd5 51. Nd8 gxf4 52. gxf4
h6 53. b3 h5 54. h3 Ne4 55. Nb7 f5 56. a3 Nf2+ 57. Ke3 Nd1+ 58. Ke2 Nc3+ 59.
Kd3 Ne4 1-0

[Event "Moscow-Open 2021_A"]
[Site "Moscow"]
[Date "2021.02.26"]
[Round "7.26"]
[White "Zverev, Lev"]
[Black "Zhukov, Anton"]
[Result "1-0"]
[WhiteElo "1987"]
[BlackElo "2237"]
[PlyCount "125"]
[EventDate "2021.02.20"]

1. e4 c5 2. Nf3 d6 3. d4 cxd4 4. Nxd4 Nf6 5. Nc3 a6 6. Bg5 Nbd7 7. f4 Qc7 8.
Qe2 e5 9. Nf5 h6 10. Bxf6 Nxf6 11. O-O-O exf4 12. Qf2 g6 13. Qd4 Qd8 14. Nd5
Nxd5 15. Qxh8 Bxf5 16. exd5 Qa5 17. Qf6 Be7 18. Qh8+ Bf8 19. Bd3 Qxa2 20. Rhe1+
Kd7 21. Bxf5+ gxf5 22. Qf6 Qa1+ 23. Kd2 Qa5+ 24. c3 Qxd5+ 25. Kc1 Qb3 26. Qxf5+
Kc7 27. Qxf4 Rc8 28. Rf1 Kb8 29. Qxf7 d5 30. Qf4+ Ka7 31. Kb1 Ba3 32. Qf2+ Ka8
33. Qc2 Qb5 34. Rf5 Rd8 35. c4 Qb6 36. Rfxd5 Rc8 37. Ka2 Bc5 38. Qd2 Ka7 39.
Rd8 Rc6 40. Rd3 Bb4 41. Qe3 Bc5 42. Qd2 Bb4 43. Qc2 Qc7 44. Qa4 Rb6 45. Rc1
Qxh2 46. Rb3 Qd6 47. c5 Bxc5 48. Rxb6 Bxb6 49. Rd1 Qc5 50. Rd7 Qf5 51. Qc6 Qa5+
52. Kb3 Qb5+ 53. Qxb5 axb5 54. Kb4 Be3 55. Kxb5 Bg5 56. b4 Bf4 57. Ka5 Be3 58.
g4 Bg5 59. b5 Be3 60. Rd6 b6+ 61. Ka4 Kb7 62. Rd7+ Kc8 63. Rh7 1-0

[Event "Moscow-Open 2021_A"]
[Site "Moscow"]
[Date "2021.02.26"]
[Round "7.27"]
[White "Shoshin, Kirill"]
[Black "Thing, Bibek"]
[Result "1-0"]
[WhiteElo "2030"]
[BlackElo "2222"]
[PlyCount "82"]
[EventDate "2021.02.20"]

1. d4 d5 2. c4 c6 3. e3 Nf6 4. Nf3 e6 5. Nbd2 Nbd7 6. b3 Bd6 7. Bb2 Qe7 8. Ne5
Bb4 9. Bd3 Ba3 10. Bxa3 Qxa3 11. f4 c5 12. O-O cxd4 13. exd4 dxc4 14. Ndxc4 Qe7
15. f5 Nb6 16. Nxb6 axb6 17. Bb5+ Kf8 18. fxe6 Bxe6 19. Qd2 Rd8 20. Rae1 Qd6
21. Rf4 Nd5 22. Rf2 Nf6 23. Rf4 Nd5 24. Rf2 Nf6 25. Rf4 h5 26. Bc4 Bxc4 27.
bxc4 Rh6 28. Rd1 Kg8 29. Qe3 Ng4 30. Nxg4 hxg4 31. Qg3 Ra8 32. Rxg4 Qxg3 33.
Rxg3 Rxa2 34. d5 Rd6 35. Rb3 Ra4 36. Rd4 Kf8 37. Rb2 Rf6 38. h3 Ke7 39. Re2+
Kd6 40. c5+ bxc5 41. Rxa4 Kxd5 1-0

[Event "Moscow-Open 2021_A"]
[Site "Moscow"]
[Date "2021.02.26"]
[Round "7.28"]
[White "Kim, Andrey"]
[Black "Khudyakov, Stanislav"]
[Result "0-1"]
[WhiteElo "1971"]
[BlackElo "2196"]
[PlyCount "96"]
[EventDate "2021.02.20"]

1. d4 Nf6 2. c4 e6 3. g3 Bb4+ 4. Bd2 Be7 5. Bg2 O-O 6. Nf3 c5 7. dxc5 Bxc5 8.
O-O Nc6 9. Nc3 h6 10. Rc1 Re8 11. a3 a5 12. Qc2 e5 13. e3 d6 14. Nd5 Bg4 15. b4
axb4 16. axb4 Nxd5 17. bxc5 Ndb4 18. Bxb4 e4 19. Qb2 exf3 20. Bh1 d5 21. cxd5
Qxd5 22. Rfd1 Qe6 23. Bc3 Ra2 24. Rd6 Qc4 25. Bd2 Qa6 26. Qc3 Ra3 27. Qc4 Qxc4
28. Rxc4 Ne5 29. Rc1 Rea8 30. Rb6 Nd3 31. Rd1 Ra1 32. Rbb1 Rxb1 33. Rxb1 Ra2
34. Rd1 Nxc5 35. h3 Ne4 36. Be1 h5 37. hxg4 hxg4 38. Bg2 fxg2 39. Kxg2 Rb2 40.
Rd4 f5 41. Rb4 Rxb4 42. Bxb4 Ng5 43. Kf1 Kf7 44. Ke2 Ke6 45. e4 Nxe4 46. f3
Nxg3+ 47. Kf2 Nh5 48. fxg4 fxg4 0-1

[Event "Moscow-Open 2021_A"]
[Site "Moscow"]
[Date "2021.02.26"]
[Round "7.29"]
[White "Utemisov, Damir"]
[Black "Popov, Andrey"]
[Result "0-1"]
[WhiteElo "1894"]
[BlackElo "2182"]
[PlyCount "58"]
[EventDate "2021.02.20"]

1. Nf3 c5 2. c4 Nc6 3. b3 e5 4. Nc3 g6 5. g3 Bg7 6. Bg2 e4 7. Ng1 f5 8. Bb2 Nf6
9. f3 O-O 10. Qb1 Qe7 11. fxe4 fxe4 12. Nxe4 Nb4 13. Nxf6+ Bxf6 14. Kd1 Bxb2
15. Qxb2 Rf2 16. a3 Qe4 17. axb4 Qxg2 18. Nf3 Rxf3 19. exf3 Qxh1+ 20. Kc2 Qxf3
21. Qe5 d6 22. Qxd6 Bf5+ 23. Kb2 cxb4 24. Rxa7 Rxa7 25. Qb8+ Kg7 26. Qxa7 Qd3
27. Qxb7+ Kh6 28. Qxb4 Qb1+ 29. Kc3 Qa1# 0-1

[Event "Moscow-Open 2021_A"]
[Site "Moscow"]
[Date "2021.02.26"]
[Round "7.30"]
[White "Nikolaev, Matvei"]
[Black "Volodin, Viktor"]
[Result "1-0"]
[WhiteElo "1925"]
[BlackElo "2151"]
[PlyCount "111"]
[EventDate "2021.02.20"]

1. e4 c6 2. d4 d5 3. Nc3 dxe4 4. Nxe4 Nf6 5. Ng5 h6 6. N5f3 Bf5 7. Bc4 Nbd7 8.
Ne2 e6 9. O-O Bd6 10. Ng3 Bh7 11. Re1 O-O 12. Bb3 Qc7 13. Qe2 c5 14. Bd2 Rac8
15. c4 cxd4 16. Nxd4 a6 17. Rac1 Bxg3 18. hxg3 e5 19. Nf3 e4 20. Nd4 Nc5 21.
Bb4 Nfd7 22. Bc2 Rfd8 23. Qe3 Nd3 24. Bxd3 exd3 25. b3 Nf6 26. Rcd1 Qb6 27. Bc3
Ne4 28. Bb2 d2 29. Re2 Bg6 30. f3 Nxg3 31. Rexd2 Re8 32. Qf2 Nf5 33. g4 Nxd4
34. Rxd4 Qe6 35. Rd7 Qe2 36. Ba3 Rc6 37. Qxe2 Rxe2 38. Rxb7 Rxa2 39. Rd8+ Kh7
40. Bd6 a5 41. c5 a4 42. b4 Ra6 43. b5 Ra5 44. Bc7 a3 45. Bxa5 Ra1+ 46. Kf2 a2
47. Bc3 Rc1 48. Ra7 Rc2+ 49. Kg3 Rxc3 50. Rxa2 Rxc5 51. Rb2 Rc7 52. b6 Rb7 53.
Ra8 f5 54. gxf5 Bxf5 55. Ra7 Rb8 56. b7 1-0

[Event "Moscow-Open 2021_A"]
[Site "Moscow"]
[Date "2021.02.26"]
[Round "7.31"]
[White "Zulpikarov, Ruslan"]
[Black "Tyurin, Artem"]
[Result "0-1"]
[WhiteElo "1647"]
[BlackElo "2130"]
[PlyCount "92"]
[EventDate "2021.02.20"]

1. e4 e6 2. d4 d5 3. exd5 exd5 4. Nf3 Nc6 5. c3 Bd6 6. Bd3 Nge7 7. Qc2 Bg4 8.
Bg5 h6 9. Bh4 Qd7 10. Nbd2 Nf5 11. O-O-O Nxh4 12. Rde1+ Be6 13. Nxh4 O-O-O 14.
Nf5 Bf8 15. Nf3 g6 16. Ng3 Bd6 17. Ne5 Bxe5 18. dxe5 d4 19. Rd1 Nxe5 20. Rhe1
Nxd3+ 21. Rxd3 Qd5 22. cxd4 Qxg2 23. Rc3 Kb8 24. b3 Rxd4 25. Rxc7 Rhd8 26. Re2
Qxh2 27. Qc5 Qh4 28. Kb2 Rd2+ 29. Rxd2 Rxd2+ 30. Ka3 Qd8 31. Re7 Rd5 32. Qb4
Qa5+ 33. Qxa5 Rxa5+ 34. Kb2 Re5 35. Kc3 h5 36. Kd4 Rd5+ 37. Kc3 h4 38. Ne4 h3
39. Re8+ Kc7 40. Rh8 Rh5 41. Rxh5 gxh5 42. f3 h2 43. Ng3 h4 44. Nh1 Bh3 45. Kd2
Kd6 46. f4 Kd5 0-1

[Event "Moscow-Open 2021_A"]
[Site "Moscow"]
[Date "2021.02.26"]
[Round "7.32"]
[White "Gvanceladze, Anna"]
[Black "Andreev, Konstantin"]
[Result "1/2-1/2"]
[WhiteElo "2254"]
[BlackElo "1819"]
[PlyCount "86"]
[EventDate "2021.02.20"]

1. d4 Nf6 2. Nf3 e6 3. e3 d5 4. c4 c6 5. Nc3 a6 6. b3 b5 7. Bb2 Bb7 8. Bd3 bxc4
9. bxc4 c5 10. O-O dxc4 11. Bxc4 Nbd7 12. Qa4 Qb6 13. Ne5 Qb4 14. Bb3 Bd6 15.
Nxd7 Nxd7 16. Rfd1 Qxa4 17. Bxa4 O-O-O 18. Bxd7+ Rxd7 19. Na4 Rdd8 20. dxc5 Bc7
21. Nb6+ Bxb6 22. cxb6 Rxd1+ 23. Rxd1 f6 24. f4 Rd8 25. Bd4 Rd6 26. Rc1+ Rc6
27. Bc5 Kd7 28. Kf2 Ke8 29. g4 Rc8 30. Ke2 g6 31. a3 Be4 32. h4 f5 33. g5 Kf7
34. Kd2 e5 35. fxe5 Ke6 36. Rc3 Bb7 37. Bd6 Rxc3 38. Kxc3 Kd5 39. Kb4 Bc8 40.
Bc7 Bb7 41. a4 Bc8 42. a5 Bb7 43. Bd6 Bc8 1/2-1/2

[Event "Moscow-Open 2021_A"]
[Site "Moscow"]
[Date "2021.02.26"]
[Round "7.33"]
[White "Lauda, Alexandr"]
[Black "Mikhailovsky, Vladimir"]
[Result "0-1"]
[WhiteElo "1923"]
[BlackElo "2228"]
[PlyCount "50"]
[EventDate "2021.02.20"]

1. e4 e5 2. Nf3 d5 3. Nxe5 Bd6 4. d4 dxe4 5. Nc4 Nf6 6. Be2 O-O 7. Nxd6 Qxd6 8.
O-O Nc6 9. Be3 Ne7 10. c4 Bf5 11. Nc3 Bg6 12. d5 Nf5 13. Bg5 Rfe8 14. Qd2 a6
15. Rad1 Rad8 16. g4 Ne7 17. Bf4 Qd7 18. g5 Nh5 19. Nxe4 Nxd5 20. cxd5 Nxf4 21.
Qxf4 Rxe4 22. Qf3 Rde8 23. Bd3 Rg4+ 24. Kh1 Bh5 25. Bf5 Rxg5 0-1

[Event "Moscow-Open 2021_A"]
[Site "Moscow"]
[Date "2021.02.26"]
[Round "7.34"]
[White "Nakonechny, Ignat"]
[Black "Pranizin, Evgeny"]
[Result "1-0"]
[WhiteElo "2158"]
[BlackElo "1850"]
[PlyCount "95"]
[EventDate "2021.02.20"]

1. d4 Nf6 2. Nf3 e6 3. c4 d5 4. Nc3 Be7 5. Bf4 O-O 6. e3 b6 7. cxd5 Nxd5 8.
Nxd5 exd5 9. Bd3 c5 10. O-O Bg4 11. Qc2 Bxf3 12. gxf3 g6 13. dxc5 bxc5 14. Rad1
Nd7 15. Bh6 Re8 16. Bb5 Rb8 17. Bc6 Rb6 18. Bxd5 Bg5 19. Qa4 Qe7 20. Bxf7+ Qxf7
21. Rxd7 Be7 22. Bf4 Rxb2 23. Rxa7 Rf8 24. Qe4 Re8 25. Rc1 Bh4 26. Ra8 Rxa8 27.
Qxa8+ Qf8 28. Qxf8+ Kxf8 29. Rxc5 Bxf2+ 30. Kf1 Rxa2 31. Bg5 Kg7 32. Rc7+ Kg8
33. Rc4 h5 34. Rc6 Kg7 35. Rc7+ Kg8 36. Bh6 Bh4 37. Rg7+ Kh8 38. Rxg6 Rf2+ 39.
Kg1 Kh7 40. Re6 Rxf3 41. Bf4 Be1 42. Rh6+ Kg7 43. Rxh5 Kg6 44. Rb5 Kf6 45. Rb1
Bh4 46. Kg2 Rf2+ 47. Kh3 Bg5 48. Rb6+ 1-0